| 000 | 00838nam a2200217Ia 4500 | ||
|---|---|---|---|
| 003 | GCL | ||
| 008 | 140319s9999 xx 000 0 ara d | ||
| 020 | _a3655701977 | ||
| 040 |
_aGCL / _cGCL |
||
| 082 | 0 | 4 |
_aق _b386.3 _bع م |
| 100 | 1 | _aعبدالحليم حامد سليمان | |
| 245 | 1 | 0 |
_aالملاحة النيلية فى مصر العثمانية 1517 - 1798 م / _cعبدالحليم حامد سليمان |
| 260 |
_aالقاهرة : _bالهيئة المصرية العامة للكتاب ، _c2000 |
||
| 300 |
_a251 ص ؛ _c16 سم |
||
| 490 |
_aتاريخ المصريين _v176 |
||
| 650 | 0 | 4 | _aالنقل البحرى |
| 650 | 0 | 4 | _aالنقل الداخلى |
| 650 | 0 | 4 | _aالملاحة الداخلية |
| 650 | 0 | 4 | _aنهر النيل - الملاحة - تاريخ - العصر العثمانى |
| 942 |
_2ddc _cBK |
||
| 999 |
_c56828 _d56828 |
||